LEADER 01104nam a2200217 i 4500 001 000000200359 003 CaOOAMICUS 005 20110408000000.0 008 110408s1999 it u000 u ita u 013 $a179057 040 $aSeMil$bita 100 1 $aBagnasco, Angelo,$c.$0(OLS)http://semarc/name/43104 245 10$aCristo, nostra speranza :$bsamaritani della speranza : Lettera pastorale in occasione del grande Giubileo del 2000 /$cAngelo Bagnasco, Vescovo di Pesaro. 260 $a[S.l. :$bs.n.],$cstampa 1999$e(Pesaro :$fSAT,$gstampa 1999) 300 $a68 p. ;$c20 cm. 650 4$aBagnasco, Angelo - Scritti, discorsi, omelie, lettere pastorali, etc.$0(OLS)http://semarc/subject/37592 850 $aSeMil 852 $aSeMil$W1$xVenegono$y1$m5D IX 14/2$j150888$B150888$CSeMilBibl$Z2$F162201 $81 961 $aOmaggio: Altro 996 $6245$aCristo, nostra speranza :$bsamaritani della speranza : Lettera pastorale in occasione del grande Giubileo del 2000$9(OLS)http://semarc/title/289737 996 $6260$a[S.l. :$bs.n.]$9(OLS)http://semarc/publisher/29751 LEADER 00963nam a2200205 i 4500 001 000000024167 003 CaOOAMICUS 005 20210421140143.0 008 180830s1935 fr u000 u fre u 040 $aSeMil$bita 100 1 $aPuniet, Pierre : de.$0(OLS)http://semarc/name/6970 245 13$aLe psautier liturgique :$ba la lumière de la tradition chrétienne /$cdom Pierre de Puniet. 260 $aParis :$bDesclée de Brouwer et Cie,$c1935. 300 $a2 v. ;$c20 cm. 650 4$aBibbia. Antico Testamento. Salmi - Meditazioni.$0(OLS)http://semarc/subject/3798 774 0 $aPuniet, Pierre : de$t1: Psaumes de David.$w()196246 774 0 $aPuniet, Pierre : de$t2: Psaumes lévitiques et psaumes anonymes.$w()196247 996 $6245$aLe psautier liturgique :$ba la lumière de la tradition chrétienne$9(OLS)http://semarc/title/32435 996 $6260$aParis :$bDesclée de Brouwer et Cie$9(OLS)http://semarc/publisher/30216